000 00609cam a2200205 04500
001 46292
090 _a46292
100 _a19951012d1968 km y0pory5003 ba
101 1 _apor
102 _aPT
200 1 _aA casa de Petrodava
_eromance
_fC. Virgil Gheorghiu
_gtrad. de António Fernandes
205 _a3.ª ed.
210 9 _aLisboa
_cLivraria Bertrand,
_d[D.L. 1968]
215 _a315 p., 2 f.
_d19 cm
304 _aTit. orig.: La maison de Petrodava
675 _a821.135.1-31"19"
_vBN
_zpor
700 1 _aGheorghiu,
_bC. Virgil,
_f1916-1992
702 1 _97
_aFernandes,
_bAntónio
_4730
801 0 _aPT
_bBN
_gRPC
990 _cLIVROS